| 000 | 00644nam a22002297a 4500 | ||
|---|---|---|---|
| 003 | UA-OsUOA | ||
| 001 | 96263 | ||
| 007 | ta | ||
| 008 | 20130318b un ||||| |||| 00| 0 ukr d | ||
| 100 | _aКонюшев В. | ||
| 090 |
_a821.161.1 _bК65 |
||
| 942 | _cBK | ||
| 040 |
_aUA-OsUOA _brus _cUA-OsUOA _dUA-OsUOA |
||
| 245 |
_aТакое голубое небо _bповесть о Надежде Крупской |
||
| 300 | _a395 с. | ||
| 955 | _a3 | ||
| 041 | _arus | ||
| 080 | _a821.161.1 | ||
| 260 |
_aМ. _bПолитиздат _c1973 |
||
| 650 | 7 |
_a82 Література. Літературознавство _2UDC |
|
| 999 |
_c382514 _d382514 |
||